00691 2200241 4500001002100000005001500021035002000036007000300056008003900059020001600098082001000114084001600124100001700140245004300157250001400200260003900214300003700253500001100290650004100301650004700342650004200389990001800431INLIS00000000000347320221223094027 a0010-1222000049ta221223 | | |  a979534573-4 a384.5 a384.5 COL r0 aColin Uttley1 aRahasa Dibalik Satelit /cColin Uttley aCet. 1,-- aBandung. :bPT. Pakar Raya,c2007. a32 Hlm. :bilus. ;c21 x 29,5 cm aIndeks aPengalih Bahasa, Rizka Yanuarti, S.S aPenyunting Bahasa, Didik Hari Pambudi, S.S aPenyunting Materi, Ir. Rudiyanto, M.A a7081/P/S/2013